Indian myth and legend. With illustrations in colour by Warwick Goble and numerous monochrome plates
Saved in:
| 主要作者: | |
|---|---|
| 格式: | 圖書 |
| 語言: | 英语 |
| 出版: |
Londres
Gresham Publishing Company Limited
1900
|
| 版: | 1a. ed |
| 主題: | |
| 標簽: |
添加標簽
沒有標簽, 成為第一個標記此記錄!
|
MARC
| LEADER | 00000nam a2200000 a 4500 | ||
|---|---|---|---|
| 001 | UCJ6152 | ||
| 003 | CL-VaPUC | ||
| 008 | 070124e19000000UK |||||||||||||||||eng|d | ||
| 082 | 0 | 4 | |a 291 |b MAC |2 21 |
| 100 | |a Mackenzie, Donald Alexander |e autor |9 513448 | ||
| 245 | 1 | 0 | |a Indian myth and legend. With illustrations in colour by Warwick Goble and numerous monochrome plates |
| 250 | |a 1a. ed | ||
| 300 | |a xlviii, 463 p | ||
| 942 | |c BK | ||
| 945 | |d 20070124 00:00:00 |a rinostro | ||
| 260 | |a Londres |b Gresham Publishing Company Limited |c 1900 | ||
| 500 | |a Front., representación del mito de Rama, en colores. Ilustraciones conforme a lo señalado en el índice | ||
| 600 | 0 | 7 | |a KALI |2 CL-VaPUC |9 512478 |
| 600 | 0 | 7 | |a SHIVA |2 CL-VaPUC |9 512479 |
| 650 | 0 | |a Mitología |9 255719 | |
| 650 | 7 | |a LEYENDAS |2 CL-VaPUC |9 265258 | |
| 650 | 7 | |a FOLKLORE |2 CL-VaPUC |9 268291 | |
| 650 | 0 | |a Literatura |9 259151 | |
| 650 | 0 | |a Hinduismo |9 265212 | |
| 650 | 0 | |a Ilustraciones |9 369481 | |
| 651 | 0 | |a India |9 267804 | |
| 583 | |a last modification |c 20070124 00:00:00 |k Rodrigo Vera | ||
| 999 | |c 322260 |d 322258 | ||
| 952 | |0 0 |1 0 |4 0 |6 291_000000000000000_MAC_1900 |7 0 |8 X |9 401212 |a FDOBUD |b FDOBUD |d 2019-11-22 |i 1044370 |o 291 MAC 1900 |p 1044370 |r 2019-11-22 |w 2019-11-22 |y BK_X |k BUD | ||